| 000 | 01297nam a22002417a 4500 | ||
|---|---|---|---|
| 999 |
_c21411 _d21411 |
||
| 003 | AR-CdUCM | ||
| 008 | 190529b ||||| |||| 00| 0 spa d | ||
| 020 | _a9786124191282 | ||
| 040 |
_aMUNICIPALIDAD PROVINCIAL DEL CUSCO _cBIBLIOTECA MUNICIPAL DEL CUSCO |
||
| 082 |
_a629.89/A75 _bA75 |
||
| 100 |
_aArnáez Braschi, Enrique _944659 |
||
| 245 |
_aEnfoque práctico del control moderno : _bcon aplicaciones en Matlab / |
||
| 260 |
_aLima ; _bUniversidad Peruana de Ciencias Aplicadas (UPC), _c2014. |
||
| 300 |
_a316 Páginas. : _c30x21 cm. |
||
| 505 | _aContenido: Introducción al control moderno -- Análisis de la respuesta en el estado transitorio -- Análisis de los sistemas de control en el dominio de la frecuencia -- Modelamiento matemático en espacio de estados -- Transformaciones -- Propiedades de los sistemas de espacio de estados -- Diseño de controladores de estado -- Diseño de observadores de estado -- Diseñor de sistemas de seguimiento -- Control óptimo -- Introducción al Matlab. | ||
| 650 |
_aSistemas de control _923028 |
||
| 650 |
_aControl electrónico _944664 |
||
| 650 |
_aControladores _944665 |
||
| 650 |
_aTransformaciones matemáticas _944666 |
||
| 710 |
_aUniversidad Peruana de Ciencias Aplicadas (UPC) _944601 |
||
| 942 |
_2ddc _cLIBROS |
||
| 945 | _aRoel | ||